[Event "17. Europa ch Juvenil - Femenino s14"]
[Site "Sibenik CRO"]
[Date "2007.09.14"]
[Round "1.1"]
[White "Paikidze, Nazi"]
[Black "Anakidze, Nino"]
[Result "1-0"]
[WhiteElo "2230"]
[BlackElo "1868"]
[PlyCount "117"]
[EventDate "2007.09.14"]
[EventType "swiss"]
[EventRounds "9"]
[EventCountry "CRO"]
[Source "lmi"]
[SourceDate "2007.09.14"]

1. Nf3 d5 2. c4 c6 3. e3 Nf6 4. d4 a6 5. Nc3 Bg4 6. Be2 e6 7. Qb3 Ra7 8. cxd5
exd5 9. a4 Nbd7 10. h3 Bh5 11. O-O Bd6 12. Qc2 O-O 13. b3 Re8 14. Ba3 Bb8 15.
g3 Ne4 16. Nxe4 dxe4 17. Nh2 Qg5 18. h4 Qg6 19. Kh1 Bxe2 20. Qxe2 Nf6 21. Rfd1
Ra8 22. Rac1 Nd5 23. Qg4 Qf6 24. Kg1 Bc7 25. Nf1 g6 26. Nd2 Qg7 27. Nb1 f5 28.
Qe2 g5 29. hxg5 Qxg5 30. Nc3 Rad8 31. Nxd5 Rxd5 32. Kg2 Re6 33. Rh1 Rg6 34. Qh5
h6 35. Be7 Qxh5 36. Rxh5 Kf7 37. Ba3 Bd8 38. Kf1 Bg5 39. Ke2 Re6 40. Bc5 Re8
41. Bb6 Kg6 42. Rhh1 Be7 43. Rc4 a5 44. Rhc1 Kf6 45. Bc5 Bxc5 46. Rxc5 Red8 47.
R5c4 Ra8 48. b4 Kg5 49. Rb1 axb4 50. Rbxb4 Ra7 51. Rc5 Rd8 52. f3 Re8 53. d5
cxd5 54. Rxd5 Kg6 55. Rd7 exf3+ 56. Kxf3 Rb8 57. Rb6+ Kg5 58. Rg7+ Kh5 59. Rb5
1-0

[Event "17. Europa ch Juvenil - Femenino s14"]
[Site "Sibenik CRO"]
[Date "2007.09.14"]
[Round "1.2"]
[White "Juciute, Henrieta"]
[Black "Bulmaga, Irina"]
[Result "1/2-1/2"]
[WhiteElo "1863"]
[BlackElo "2158"]
[PlyCount "146"]
[EventDate "2007.09.14"]
[EventType "swiss"]
[EventRounds "9"]
[EventCountry "CRO"]
[Source "lmi"]
[SourceDate "2007.09.14"]

1. e4 c5 2. Nc3 Nc6 3. f4 e6 4. Bc4 Nf6 5. d3 d5 6. Bb5 Be7 7. e5 Nd7 8. Qg4
O-O 9. Bxc6 bxc6 10. Nf3 Qc7 11. Qg3 f5 12. h4 Ba6 13. Ng5 Bxg5 14. hxg5 g6 15.
Qh3 Rf7 16. g4 Nf8 17. gxf5 exf5 18. Bd2 Ne6 19. Ne2 Rb8 20. b3 c4 21. dxc4
dxc4 22. Be3 Rd8 23. Ng3 Nxg5 24. Qg2 Qa5+ 25. Kf2 c5 26. Rhd1 Bb7 27. Qf1 Rdf8
28. bxc4 Qc7 29. Rd6 Nf3 30. Re6 Nh2 31. Qd3 Ng4+ 32. Ke2 Ba8 33. Rd1 Kg7 34.
Qd6 Qb7 35. Qd5 Qb2 36. Qd3 Qb4 37. c3 Qa5 38. Rd2 Nh2 39. Qd6 Qxc3 40. Qxc5
Ng4 41. Rd3 Bf3+ 42. Kxf3 Qxd3 43. Rd6 Qxe3+ 44. Qxe3 Nxe3 45. Kxe3 h5 46. Ne2
h4 47. Nd4 Rc8 48. Ne6+ Kh6 49. c5 Kh5 50. Kf3 h3 51. Kg3 h2 52. Kxh2 Re7 53.
Kg3 Rxe6 54. Rxe6 Rxc5 55. Ra6 Rc3+ 56. Kf2 Kg4 57. e6 Kxf4 58. e7 Rc2+ 59. Ke1
Rc8 60. Rxg6 Re8 61. Re6 Kf3 62. Kd2 f4 63. Kd3 Kf2 64. Kd4 f3 65. Kd5 Kg2 66.
Kd6 f2 67. Rg6+ Kh2 68. Rh6+ Kg2 69. Rf6 f1=Q 70. Rxf1 Kxf1 71. Kd7 Rxe7+ 72.
Kxe7 Ke2 73. Kd7 Kd3 1/2-1/2

[Event "17. Europa ch Juvenil - Femenino s14"]
[Site "Sibenik CRO"]
[Date "2007.09.14"]
[Round "1.3"]
[White "Soloviova, Liza"]
[Black "Narva, Triin"]
[Result "1-0"]
[WhiteElo "2098"]
[BlackElo "1858"]
[PlyCount "121"]
[EventDate "2007.09.14"]
[EventType "swiss"]
[EventRounds "9"]
[EventCountry "CRO"]
[Source "lmi"]
[SourceDate "2007.09.14"]

1. d4 Nf6 2. c4 g6 3. Nc3 Bg7 4. e3 O-O 5. Nf3 d6 6. Be2 Nbd7 7. O-O e5 8. b4
Re8 9. Bb2 b6 10. Qc2 h6 11. Rfd1 Qe7 12. Rac1 Nf8 13. Nd5 Qd8 14. dxe5 Nxd5
15. Rxd5 Bb7 16. Rd2 Qe7 17. exd6 cxd6 18. Bxg7 Kxg7 19. Qb2+ Kh7 20. Nd4 Red8
21. Rcd1 Rd7 22. Bf3 Bxf3 23. Nxf3 Rc8 24. Qb3 Qe6 25. Rd5 Qe7 26. Nd4 Ne6 27.
Nb5 Rcd8 28. Nc3 Nc7 29. R5d4 f5 30. Qb2 Qg7 31. R4d3 Qe7 32. Qd2 Qe6 33. Rd4
Qe7 34. a3 Qe6 35. e4 Qe7 36. exf5 gxf5 37. Qf4 Qf6 38. Qf3 Qe6 39. h3 Qe5 40.
Ne2 Re8 41. Ng3 Rf8 42. Qd3 Rf6 43. Nh5 Rg6 44. Nf4 Rf6 45. Qd2 Ne6 46. Nxe6
Rxe6 47. Rd5 Qf6 48. c5 bxc5 49. bxc5 Kg7 50. cxd6 Kf7 51. Qf4 Kg6 52. Kh2 h5
53. R1d3 h4 54. R3d4 Qg5 55. Qxg5+ Kxg5 56. Rg4+ Kf6 57. Rxh4 Kg5 58. Rhd4 Kg6
59. Kg3 Kg5 60. Kf3 Rf6 61. g4 1-0

[Event "17. Europa ch Juvenil - Femenino s14"]
[Site "Sibenik CRO"]
[Date "2007.09.14"]
[Round "1.4"]
[White "Edes, Zsofia"]
[Black "Arabidze, Meri"]
[Result "0-1"]
[WhiteElo "1831"]
[BlackElo "2095"]
[PlyCount "50"]
[EventDate "2007.09.14"]
[EventType "swiss"]
[EventRounds "9"]
[EventCountry "CRO"]
[Source "lmi"]
[SourceDate "2007.09.14"]

1. d4 Nf6 2. c4 e6 3. Nc3 Bb4 4. f3 c5 5. d5 d6 6. e4 Bxc3+ 7. bxc3 e5 8. Bg5
h6 9. Be3 Nbd7 10. Bd3 Nf8 11. Ne2 g5 12. Bc2 Qe7 13. Ng3 Ng6 14. Ba4+ Kd8 15.
Qd2 Rg8 16. h3 Nf4 17. Nf1 N6h5 18. Nh2 f5 19. g4 Ng3 20. Rg1 Nge2 21. Rh1 fxe4
22. Bd1 Ng3 23. Bxf4 exf4 24. Rg1 exf3+ 25. Kf2 Ne4+ 0-1

[Event "17. Europa ch Juvenil - Femenino s14"]
[Site "Sibenik CRO"]
[Date "2007.09.14"]
[Round "1.5"]
[White "Suslova, Alena"]
[Black "Kolaric, Spela"]
[Result "1/2-1/2"]
[WhiteElo "2091"]
[BlackElo "1827"]
[PlyCount "99"]
[EventDate "2007.09.14"]
[EventType "swiss"]
[EventRounds "9"]
[EventCountry "CRO"]
[Source "lmi"]
[SourceDate "2007.09.14"]

1. c4 e6 2. Nf3 d5 3. d4 Nf6 4. g3 Be7 5. Bg2 O-O 6. O-O c6 7. Qc2 Nbd7 8. b3
Re8 9. Nc3 Nf8 10. e4 dxe4 11. Nxe4 Nxe4 12. Qxe4 Ng6 13. Bb2 Bf6 14. Rad1 Bd7
15. Ne5 Qc7 16. f4 Rad8 17. Rd2 Bc8 18. Rfd1 Be7 19. Qc2 Nxe5 20. fxe5 f6 21.
exf6 Bxf6 22. Be4 g6 23. Rf2 Bg7 24. Rdf1 Rf8 25. Rxf8+ Rxf8 26. Rxf8+ Bxf8 27.
Bc1 Bg7 28. Be3 Bd7 29. Qf2 Be8 30. d5 exd5 31. cxd5 a6 32. Qd2 cxd5 33. Qxd5+
Bf7 34. Qxb7 Qa5 35. Bf2 Qxa2 36. Bd5 Qb1+ 37. Kg2 Qf5 38. Bc4 Bxc4 39. bxc4
Qe6 40. c5 Be5 41. Qe4 Kf7 42. h3 a5 43. Qb7+ Qe7 44. Qb5 Bc7 45. Qd3 Qe6 46.
Qf3+ Qf6 47. Qb7 Qe7 48. Qc6 Qe5 49. Qd7+ Qe7 50. Qd5+ 1/2-1/2

[Event "17. Europa ch Juvenil - Femenino s14"]
[Site "Sibenik CRO"]
[Date "2007.09.14"]
[Round "1.6"]
[White "Miladinovic, Lena"]
[Black "Butuc, Maria"]
[Result "1/2-1/2"]
[WhiteElo "1815"]
[BlackElo "2082"]
[PlyCount "112"]
[EventDate "2007.09.14"]
[EventType "swiss"]
[EventRounds "9"]
[EventCountry "CRO"]
[Source "lmi"]
[SourceDate "2007.09.14"]

1. e4 c6 2. d4 d5 3. Nc3 dxe4 4. Nxe4 Nd7 5. Ng5 Ngf6 6. Bc4 e6 7. Qe2 Nb6 8.
Bd3 Bd6 9. N1f3 h6 10. Ne4 Nxe4 11. Qxe4 Nd7 12. O-O Qc7 13. Re1 c5 14. c3 Nf6
15. Bb5+ Bd7 16. Bxd7+ Qxd7 17. Qe2 O-O-O 18. dxc5 Bxc5 19. Ne5 Qe7 20. Qc4 Kb8
21. Bf4 Bd6 22. Qb5 Ka8 23. a4 Nd5 24. Bg3 h5 25. c4 Nc7 26. Qb3 h4 27. Bf4 h3
28. a5 Na6 29. Qf3 hxg2 30. Bg3 Bxe5 31. Bxe5 f6 32. Bg3 e5 33. Qxg2 Rd2 34. b4
Qxb4 35. Rab1 Qe7 36. Rec1 Nc5 37. a6 Nxa6 38. c5 e4 39. c6 b6 40. Bf4 Rd5 41.
Be3 Nc7 42. Qg3 Rd3 43. Qg2 Qd6 44. h3 Qe6 45. Bxb6 axb6 46. Rxb6 Ra3 47. Rb7
Ra7 48. Qg3 Qe7 49. Qb3 Qa3 50. Qxa3 Rxa3 51. Rxc7 Rhxh3 52. Rxg7 Rhc3 53. Rxc3
Rxc3 54. Re7 Rxc6 55. Rxe4 Kb7 56. Kg2 Kc7 1/2-1/2

[Event "17. Europa ch Juvenil - Femenino s14"]
[Site "Sibenik CRO"]
[Date "2007.09.14"]
[Round "1.7"]
[White "Tjolsen, Katrine"]
[Black "Le Bail, Arielle"]
[Result "1-0"]
[WhiteElo "2081"]
[BlackElo "1808"]
[PlyCount "65"]
[EventDate "2007.09.14"]
[EventType "swiss"]
[EventRounds "9"]
[EventCountry "CRO"]
[Source "lmi"]
[SourceDate "2007.09.14"]

1. Nf3 c5 2. c4 Nf6 3. Nc3 d6 4. g3 Nc6 5. Bg2 e5 6. O-O Be6 7. d3 h6 8. a3 Be7
9. Rb1 a5 10. Ne1 O-O 11. Nc2 Rb8 12. Bd2 d5 13. cxd5 Nxd5 14. Nxd5 Bxd5 15.
Bxd5 Qxd5 16. Ne3 Qd8 17. Rc1 b5 18. a4 bxa4 19. Nc4 Bg5 20. Bxg5 Qxg5 21. Ra1
Rfd8 22. Qc1 Qg4 23. Qe3 Nd4 24. f3 Qe6 25. Rxa4 Rb3 26. Rc1 Ra8 27. Rc3 f6 28.
Kg2 Kf7 29. Qd2 Qc6 30. Rxa5 Rxc3 31. bxc3 Nb3 32. Qa2 Nxa5 33. Nxe5+ 1-0

[Event "17. Europa ch Juvenil - Femenino s14"]
[Site "Sibenik CRO"]
[Date "2007.09.14"]
[Round "1.8"]
[White "Kantor, Reka"]
[Black "Danelia, Mariam"]
[Result "0-1"]
[WhiteElo "1807"]
[BlackElo "2066"]
[PlyCount "62"]
[EventDate "2007.09.14"]
[EventType "swiss"]
[EventRounds "9"]
[EventCountry "CRO"]
[Source "lmi"]
[SourceDate "2007.09.14"]

1. d4 Nf6 2. c4 g6 3. Nf3 Bg7 4. g3 c6 5. Bg2 O-O 6. O-O d5 7. b3 Bf5 8. Bb2
Nbd7 9. Nbd2 Ne4 10. Rc1 Qb6 11. e3 a5 12. a3 Bg4 13. Bc3 e5 14. c5 Qb5 15. Re1
Qa6 16. Qc2 Bf5 17. Nxe4 Bxe4 18. Qd2 Bd3 19. Nxe5 Bxe5 20. dxe5 Nxc5 21. Rcd1
Bf5 22. Bf1 b5 23. Qb2 Qb7 24. Bd4 Ne6 25. Bg2 b4 26. Rc1 Rfb8 27. a4 Qd7 28.
Red1 Re8 29. Bc5 Ng5 30. Qd4 Bh3 31. Qf4 Bxg2 0-1

[Event "17. Europa ch Juvenil - Femenino s14"]
[Site "Sibenik CRO"]
[Date "2007.09.14"]
[Round "1.9"]
[White "Kluchik, Julia"]
[Black "Androni, Konstantina"]
[Result "1-0"]
[WhiteElo "2049"]
[BlackElo "1804"]
[PlyCount "51"]
[EventDate "2007.09.14"]
[EventType "swiss"]
[EventRounds "9"]
[EventCountry "CRO"]
[Source "lmi"]
[SourceDate "2007.09.14"]

1. e4 d5 2. exd5 Qxd5 3. Nc3 Qa5 4. d4 c6 5. Nf3 Nf6 6. Bc4 Bf5 7. Qe2 e6 8.
Bd2 Bb4 9. a3 O-O 10. O-O Bxc3 11. Bxc3 Qc7 12. Ne5 Nbd7 13. Bd2 Nb6 14. Bd3
Bxd3 15. Nxd3 Nc4 16. Bf4 Qb6 17. b3 Na5 18. Nc5 Qd8 19. b4 Qxd4 20. Be5 Qc4
21. Nd3 Nd5 22. bxa5 Qb5 23. Qg4 g6 24. c4 Qa6 25. Nc5 Qxa5 26. Bd6 1-0

[Event "17. Europa ch Juvenil - Femenino s14"]
[Site "Sibenik CRO"]
[Date "2007.09.14"]
[Round "1.10"]
[White "Barbageorgopoulou, Fani"]
[Black "Baciu, Diana"]
[Result "1/2-1/2"]
[WhiteElo "1792"]
[BlackElo "2048"]
[PlyCount "69"]
[EventDate "2007.09.14"]
[EventType "swiss"]
[EventRounds "9"]
[EventCountry "CRO"]
[Source "lmi"]
[SourceDate "2007.09.14"]

1. d4 Nf6 2. c4 e6 3. Nf3 d5 4. e3 c6 5. Nc3 Nbd7 6. Bd3 dxc4 7. Bxc4 b5 8. Bd3
Bb7 9. e4 b4 10. Na4 c5 11. e5 Nd5 12. dxc5 Qa5 13. O-O Nxc5 14. Nxc5 Bxc5 15.
Bd2 Ba6 16. Bxa6 Qxa6 17. Rc1 Rc8 18. Qb3 O-O 19. Rc2 Qb6 20. Qd3 Rfd8 21. Ng5
Nf6 22. Qb3 Ng4 23. Ne4 Be7 24. Rxc8 Rxc8 25. Qg3 f5 26. exf6 Nxf6 27. Bh6 g6
28. Qe5 Ne8 29. Rd1 Rc2 30. h3 Qc6 31. Re1 Qd5 32. Qb8 Qd7 33. Qe5 Qd5 34. Qb8
Qd7 35. Qe5 1/2-1/2

[Event "17. Europa ch Juvenil - Femenino s14"]
[Site "Sibenik CRO"]
[Date "2007.09.14"]
[Round "1.11"]
[White "Efremova, Daria"]
[Black "Stodolnik, Alicja"]
[Result "1-0"]
[WhiteElo "2033"]
[BlackElo "1789"]
[PlyCount "91"]
[EventDate "2007.09.14"]
[EventType "swiss"]
[EventRounds "9"]
[EventCountry "CRO"]
[Source "lmi"]
[SourceDate "2007.09.14"]

1. d4 d5 2. Nf3 Nf6 3. Bf4 e6 4. e3 Bb4+ 5. c3 Be7 6. Bd3 O-O 7. Nbd2 c5 8. Ne5
Nc6 9. O-O Nxe5 10. dxe5 Nd7 11. Qh5 g6 12. Qh6 Re8 13. Nf3 Bf8 14. Qh3 f6 15.
Rad1 Bg7 16. Qg3 b6 17. Bb5 Bb7 18. exf6 Bxf6 19. Bc7 Qe7 20. Qd6 Qxd6 21. Bxd6
Kf7 22. Bxd7 Red8 23. Bxe6+ Kxe6 24. Bf4 Kf5 25. h3 g5 26. g4+ Kg6 27. Ne5+ Kg7
28. Bg3 h5 29. gxh5 Rh8 30. f3 Rae8 31. Ng4 Rxh5 32. Kg2 a5 33. Bc7 b5 34. a3
b4 35. Bxa5 bxa3 36. bxa3 Ra8 37. Rb1 Ba6 38. Rfe1 Bc8 39. Rb5 Bxg4 40. hxg4
Rh4 41. Rh1 Rxh1 42. Kxh1 Re8 43. Rxc5 Rxe3 44. Kg2 Kg6 45. Rxd5 Bxc3 46. Kf2
1-0

[Event "17. Europa ch Juvenil - Femenino s14"]
[Site "Sibenik CRO"]
[Date "2007.09.14"]
[Round "1.12"]
[White "Lisac, Tihana"]
[Black "Stetsko, Lanita"]
[Result "1/2-1/2"]
[WhiteElo "1769"]
[BlackElo "2029"]
[PlyCount "80"]
[EventDate "2007.09.14"]
[EventType "swiss"]
[EventRounds "9"]
[EventCountry "CRO"]
[Source "lmi"]
[SourceDate "2007.09.14"]

1. e4 d6 2. d4 Nf6 3. Nc3 g6 4. Nf3 Bg7 5. Bd3 O-O 6. O-O Bg4 7. Be3 Nc6 8. Be2
Nd7 9. h3 Bxf3 10. Bxf3 e5 11. d5 Ne7 12. Qd2 f5 13. Bg5 a6 14. g3 Qe8 15. Bg2
Kh8 16. Rae1 Ng8 17. Be3 Ngf6 18. f4 fxe4 19. Nxe4 Nxe4 20. Bxe4 exf4 21. Bxf4
Ne5 22. b3 Qd7 23. Kh2 Rae8 24. c4 b6 25. Bc2 Rf7 26. Rf2 Ref8 27. Ref1 a5 28.
Bxe5 Bxe5 29. Rxf7 Rxf7 30. Rxf7 Qxf7 31. Bd1 Kg7 32. Bg4 h5 33. Be6 Qf3 34.
Qg2 Qe3 35. h4 a4 36. bxa4 Qc3 37. Qf2 Bf6 38. Qe2 Be5 39. Qf2 Bf6 40. Qe2 Be5
1/2-1/2

[Event "17. Europa ch Juvenil - Femenino s14"]
[Site "Sibenik CRO"]
[Date "2007.09.14"]
[Round "1.13"]
[White "Zakoscielna, Kinga"]
[Black "Salido Polo, Veronica"]
[Result "1-0"]
[WhiteElo "2020"]
[BlackElo "1753"]
[PlyCount "65"]
[EventDate "2007.09.14"]
[EventType "swiss"]
[EventRounds "9"]
[EventCountry "CRO"]
[Source "lmi"]
[SourceDate "2007.09.14"]

1. e4 c5 2. Nf3 Nc6 3. Nc3 e6 4. d4 cxd4 5. Nxd4 Nf6 6. Be3 Bb4 7. Bd3 O-O 8.
O-O d5 9. Nxc6 bxc6 10. e5 Nd7 11. f4 Nc5 12. Ne2 Nxd3 13. cxd3 Ba6 14. Rc1 Qc7
15. a3 Be7 16. b4 Rac8 17. Rf3 f6 18. Nd4 Qd7 19. Rg3 f5 20. Qh5 Bd8 21. Nb3 g6
22. Nc5 Qg7 23. Nxe6 gxh5 24. Rxg7+ Kh8 25. Rxa7 Re8 26. Nxd8 d4 27. Nf7+ Kg8
28. Nh6+ Kh8 29. Bxd4 Re6 30. Nf7+ Kg8 31. Nd6 Rd8 32. Rxa6 h4 33. Raxc6 1-0

[Event "17. Europa ch Juvenil - Femenino s14"]
[Site "Sibenik CRO"]
[Date "2007.09.14"]
[Round "1.14"]
[White "Ivekovic, Ana"]
[Black "Sokolova, Vera"]
[Result "0-1"]
[WhiteElo "1720"]
[BlackElo "2009"]
[PlyCount "60"]
[EventDate "2007.09.14"]
[EventType "swiss"]
[EventRounds "9"]
[EventCountry "CRO"]
[Source "lmi"]
[SourceDate "2007.09.14"]

1. e4 e5 2. Bc4 Nf6 3. d4 exd4 4. Bg5 h6 5. Bxf6 Qxf6 6. Ne2 Bc5 7. O-O O-O 8.
Bd3 d6 9. Ng3 Nd7 10. f4 Kh8 11. Nd2 Qe6 12. Nf3 Nf6 13. Qd2 b5 14. Kh1 a6 15.
Rfe1 Bb7 16. a4 Qd7 17. axb5 axb5 18. Rxa8 Rxa8 19. Qe2 Bc6 20. Nf5 Re8 21. Ng3
Ng4 22. Qd2 Ne3 23. b3 Qg4 24. f5 h5 25. Qf2 h4 26. Ne2 Bxe4 27. Bxb5 c6 28.
Bd3 Nxg2 29. Bxe4 Nxe1 30. Bxc6 d3 0-1

[Event "17. Europa ch Juvenil - Femenino s14"]
[Site "Sibenik CRO"]
[Date "2007.09.14"]
[Round "1.15"]
[White "Adamowicz, Katarzyna"]
[Black "Turkova, Karolina"]
[Result "1-0"]
[WhiteElo "2007"]
[BlackElo "1689"]
[PlyCount "57"]
[EventDate "2007.09.14"]
[EventType "swiss"]
[EventRounds "9"]
[EventCountry "CRO"]
[Source "lmi"]
[SourceDate "2007.09.14"]

1. e4 c5 2. Nf3 d6 3. d4 cxd4 4. Nxd4 Nf6 5. Nc3 a6 6. Bd3 e5 7. Nb3 Be6 8. O-O
Be7 9. f4 Nc6 10. f5 Bxb3 11. axb3 O-O 12. Be3 Kh8 13. Kh1 d5 14. Nxd5 Nxd5 15.
exd5 Qxd5 16. f6 Bxf6 17. Rxf6 e4 18. Rxc6 Qxc6 19. Bc4 Rac8 20. c3 Rcd8 21.
Qf1 f5 22. Qf4 Rd6 23. Rf1 Rg6 24. Rd1 h6 25. h3 Rgf6 26. Bd5 Qd7 27. c4 Rd8
28. Bd4 Rff8 29. Qxh6# 1-0

[Event "17. Europa ch Juvenil - Femenino s14"]
[Site "Sibenik CRO"]
[Date "2007.09.14"]
[Round "1.16"]
[White "Egea Vandepette, Alicia"]
[Black "Vince, Andrea"]
[Result "0-1"]
[WhiteElo "1683"]
[BlackElo "1990"]
[PlyCount "78"]
[EventDate "2007.09.14"]
[EventType "swiss"]
[EventRounds "9"]
[EventCountry "CRO"]
[Source "lmi"]
[SourceDate "2007.09.14"]

1. d4 d5 2. Nf3 Nf6 3. c4 c6 4. e3 e6 5. Bd3 Nbd7 6. O-O Bd6 7. Nc3 O-O 8. b3
Qe7 9. Bb2 dxc4 10. bxc4 e5 11. Qc2 g6 12. Rad1 Re8 13. Ng5 exd4 14. exd4 Bxh2+
15. Kh1 Bf4 16. Nf3 Qf8 17. g3 Bh6 18. Kg2 b6 19. Rh1 Bb7 20. Ne4 Nxe4 21. Bxe4
Nf6 22. Rde1 Nxe4 23. Rxe4 Bg7 24. Reh4 h5 25. g4 hxg4 26. Rxg4 Qe7 27. Re1 Qd7
28. Rxe8+ Rxe8 29. Rg3 Qe7 30. Ne5 c5+ 31. d5 Bxe5 32. Re3 Qg5+ 33. Kf1 Kf8 34.
Qe2 f6 35. Re4 Qh5 36. Qe3 Bc8 37. f4 Bf5 38. fxe5 Qh1+ 39. Kf2 Bxe4 0-1

[Event "17. Europa ch Juvenil - Femenino s14"]
[Site "Sibenik CRO"]
[Date "2007.09.14"]
[Round "1.17"]
[White "Pavlidou, Ekaterini"]
[Black "Vericeanu, Ilinca"]
[Result "1-0"]
[WhiteElo "1984"]
[BlackElo "1669"]
[PlyCount "32"]
[EventDate "2007.09.14"]
[EventType "swiss"]
[EventRounds "9"]
[EventCountry "CRO"]
[Source "lmi"]
[SourceDate "2007.09.14"]

1. d4 Nf6 2. c4 e6 3. Nc3 Bb4 4. Qc2 c5 5. dxc5 O-O 6. a3 Bxc5 7. Nf3 b6 8. Bg5
Bb7 9. e3 Be7 10. Be2 Nc6 11. O-O d6 12. Rfd1 e5 13. b4 Nd7 14. Bxe7 Qxe7 15.
Ne4 Rad8 16. Nxd6 Ba8 1-0

[Event "17. Europa ch Juvenil - Femenino s14"]
[Site "Sibenik CRO"]
[Date "2007.09.14"]
[Round "1.18"]
[White "Uusitupa, Erika"]
[Black "Suarez Calvo, Alexandra"]
[Result "0-1"]
[WhiteElo "1581"]
[BlackElo "1970"]
[PlyCount "54"]
[EventDate "2007.09.14"]
[EventType "swiss"]
[EventRounds "9"]
[EventCountry "CRO"]
[Source "lmi"]
[SourceDate "2007.09.14"]

1. e4 e6 2. d4 d5 3. Bd3 Nf6 4. e5 Nfd7 5. Nf3 c5 6. c3 Nc6 7. Be3 Qb6 8. b3
cxd4 9. Nxd4 Ncxe5 10. Be2 Qd8 11. Nd2 a6 12. O-O Bd6 13. f4 Nc6 14. f5 e5 15.
Nxc6 bxc6 16. Qc2 e4 17. Rac1 Qh4 18. Rfd1 Qxh2+ 19. Kf1 Qh1+ 20. Kf2 Qh4+ 21.
Kg1 Qh2+ 22. Kf1 Bg3 23. c4 Qh1+ 24. Bg1 Qh6 25. Nxe4 dxe4 26. Qxe4+ Ne5 27.
Bf3 O-O 0-1

[Event "17. Europa ch Juvenil - Femenino s14"]
[Site "Sibenik CRO"]
[Date "2007.09.15"]
[Round "2.1"]
[White "Varga, Klara"]
[Black "Paikidze, Nazi"]
[Result "0-1"]
[WhiteElo "1952"]
[BlackElo "2230"]
[PlyCount "45"]
[EventDate "2007.09.14"]
[EventType "swiss"]
[EventRounds "9"]
[EventCountry "CRO"]
[Source "lmi"]
[SourceDate "2007.09.14"]

1. e4 c6 2. d4 d5 3. exd5 cxd5 4. Bd3 Nc6 5. c3 Qc7 6. Ne2 e6 7. Bf4 Bd6 8.
Bxd6 Qxd6 9. O-O Nf6 10. Nd2 O-O 11. f4 Ne7 12. Ng3 Nf5 13. Nh5 Nxh5 14. Qxh5
Qb6 15. Rab1 Bd7 16. Rf3 g6 17. Qh3 e5 18. g4 Nxd4 19. Rf2 Nc6 20. f5 gxf5 21.
Bxf5 Bxf5 22. gxf5 f6 23. Qg4+ 0-1

[Event "17. Europa ch Juvenil - Femenino s14"]
[Site "Sibenik CRO"]
[Date "2007.09.15"]
[Round "2.2"]
[White "Brunello, Marina"]
[Black "Soloviova, Liza"]
[Result "0-1"]
[WhiteElo "1947"]
[BlackElo "2098"]
[PlyCount "72"]
[EventDate "2007.09.14"]
[EventType "swiss"]
[EventRounds "9"]
[EventCountry "CRO"]
[Source "lmi"]
[SourceDate "2007.09.14"]

1. e4 e5 2. Nf3 Nc6 3. d4 exd4 4. Nxd4 Nf6 5. Nc3 Bb4 6. Nxc6 bxc6 7. Bd3 d5 8.
exd5 cxd5 9. O-O O-O 10. Bg5 c6 11. Na4 h6 12. Bh4 Bd6 13. c4 Be6 14. cxd5 cxd5
15. Bg3 d4 16. b3 Bxg3 17. hxg3 Rc8 18. Qd2 Qd6 19. Rac1 Rfd8 20. Bb1 Qd5 21.
Rxc8 Bxc8 22. Rc1 Bb7 23. f3 Qe5 24. Nc5 Ba8 25. Qf2 Nd5 26. Nd3 Qf6 27. Qd2
Nc3 28. Nf4 Qg5 29. Kh2 h5 30. Qd3 Nxb1 31. Rxb1 h4 32. Ne2 hxg3+ 33. Kg1 Qh4
34. Rd1 Bb7 35. Qb5 Qh2+ 36. Kf1 Bxf3 0-1

[Event "17. Europa ch Juvenil - Femenino s14"]
[Site "Sibenik CRO"]
[Date "2007.09.15"]
[Round "2.3"]
[White "Arabidze, Meri"]
[Black "Purgar, Ivona"]
[Result "1-0"]
[WhiteElo "2095"]
[BlackElo "1944"]
[PlyCount "55"]
[EventDate "2007.09.14"]
[EventType "swiss"]
[EventRounds "9"]
[EventCountry "CRO"]
[Source "lmi"]
[SourceDate "2007.09.14"]

1. d4 d5 2. c4 c6 3. Nf3 Nf6 4. Qc2 e6 5. Bg5 Nbd7 6. Nbd2 Be7 7. e3 O-O 8. Bd3
h6 9. Bh4 dxc4 10. Qxc4 c5 11. O-O Nb6 12. Qc2 cxd4 13. Nxd4 Bd7 14. N2f3 Rc8
15. Qe2 Nfd5 16. Bg3 Na4 17. Ne5 a6 18. a3 Nc5 19. Bc2 b5 20. Rad1 Qb6 21. b4
Nc3 22. Qd2 Nxd1 23. bxc5 Qa7 24. c6 Be8 25. Rxd1 Qc5 26. Qd3 g6 27. Nd7 Bxd7
28. cxd7 1-0

[Event "17. Europa ch Juvenil - Femenino s14"]
[Site "Sibenik CRO"]
[Date "2007.09.15"]
[Round "2.4"]
[White "Bluebaum, Johanna"]
[Black "Tjolsen, Katrine"]
[Result "1/2-1/2"]
[WhiteElo "1946"]
[BlackElo "2081"]
[PlyCount "190"]
[EventDate "2007.09.14"]
[EventType "swiss"]
[EventRounds "9"]
[EventCountry "CRO"]
[Source "lmi"]
[SourceDate "2007.09.14"]

1. d4 Nf6 2. c4 g6 3. Nc3 Bg7 4. e4 d6 5. Nf3 O-O 6. Be2 Na6 7. Be3 e5 8. O-O
Ng4 9. Bg5 Qe8 10. h3 h6 11. Bc1 exd4 12. Nxd4 Nf6 13. Bf3 Nh7 14. Re1 Qe5 15.
Nde2 Ng5 16. Nf4 c6 17. Be3 Be6 18. Nxe6 Nxe6 19. Qd2 Nd4 20. Bxd4 Qxd4 21.
Qxd4 Bxd4 22. Rad1 Be5 23. Rd2 h5 24. Red1 Nc5 25. Ne2 a5 26. h4 f5 27. exf5
Rxf5 28. Nd4 Rf6 29. b3 Kg7 30. Nc2 Raf8 31. Ne1 Ne6 32. Nd3 Bc3 33. Rc2 Bd4
34. Re1 Bb6 35. Rce2 Nd4 36. Re7+ R8f7 37. Bd1 Nf5 38. Rxf7+ Rxf7 39. Re6 Re7
40. Rxe7+ Nxe7 41. g4 hxg4 42. Bxg4 Kf6 43. Kg2 Nf5 44. Bxf5 Kxf5 45. f3 Bd8
46. Kg3 Bf6 47. Ne1 Be5+ 48. Kf2 a4 49. Ng2 b5 50. cxb5 cxb5 51. Ne3+ Ke6 52.
Ke2 d5 53. Kd3 Kd6 54. Nc2 axb3 55. axb3 Bf6 56. b4 Bxh4 57. Nd4 Ke5 58. Nxb5
Be1 59. Nd4 Bf2 60. Ne2 g5 61. Nc3 Kd6 62. Ke2 Bb6 63. Kd3 Ke5 64. Ne2 Bd8 65.
Nd4 Bc7 66. Ne2 Bd6 67. b5 Bc5 68. Nc3 Kd6 69. Ne2 Bb6 70. Kc3 Ba5+ 71. Kd3 Bb6
72. Nd4 Bd8 73. Nf5+ Kc5 74. Ne3 Bb6 75. Nf5 Bd8 76. Ne3 Bf6 77. b6 Be5 78. Ng4
Bb8 79. Nf6 Bg3 80. Nh7 Bf4 81. Nf6 Kd6 82. Ng4 Kc6 83. Kd4 Kxb6 84. Kxd5 Kc7
85. Ke6 Kd8 86. Nf6 Bc1 87. Ne4 Ke8 88. Kf5 Kf8 89. Nxg5 Bd2 90. Ne6+ Ke7 91.
Nd4 Kf7 92. Ke4 Kf6 93. Nf5 Bg5 94. Ng3 Bc1 95. Nh5+ Kg5 1/2-1/2

[Event "17. Europa ch Juvenil - Femenino s14"]
[Site "Sibenik CRO"]
[Date "2007.09.15"]
[Round "2.5"]
[White "Danelia, Mariam"]
[Black "Remoli Sargues, Lidia"]
[Result "1-0"]
[WhiteElo "2066"]
[BlackElo "1894"]
[PlyCount "146"]
[EventDate "2007.09.14"]
[EventType "swiss"]
[EventRounds "9"]
[EventCountry "CRO"]
[Source "lmi"]
[SourceDate "2007.09.14"]

1. d4 Nf6 2. c4 g6 3. Nc3 Bg7 4. e4 d6 5. f3 O-O 6. Be3 e5 7. d5 Nh5 8. Qd2 f5
9. exf5 gxf5 10. O-O-O Nd7 11. Bd3 Ndf6 12. Nge2 Bd7 13. Qc2 Qe8 14. Ng3 f4 15.
Nxh5 Qxh5 16. Bf2 Qf7 17. g4 h6 18. h4 Kh8 19. Rdg1 Ng8 20. Bg6 Qe7 21. h5 Bf6
22. Ne4 c6 23. Qb3 Be8 24. Bf5 c5 25. Rh2 Bg5 26. Qd3 Nf6 27. Nd2 Rb8 28. Bg6
Bd7 29. Qa3 Ra8 30. Qd3 b6 31. Re1 Qg7 32. Rhh1 Be8 33. Qc3 Rb8 34. Qb3 Qb7 35.
a4 a5 36. Be4 Bf7 37. Qd3 Bg8 38. Bg6 Qg7 39. Bh4 Nh7 40. Ne4 Qe7 41. Bf2 Rb7
42. Qb3 Rfb8 43. Re2 Qd8 44. Be1 Qe7 45. Bc3 Bf6 46. Rhe1 Ng5 47. Nxf6 Nxf3 48.
Nxg8 Qg5 49. Rf1 Nd4 50. Bxd4 cxd4 51. Nxh6 Qxh6 52. Kb1 Qg5 53. Bf5 Kg7 54.
Qh3 Kh6 55. Rh1 Rc7 56. b3 Rg7 57. Qh4 Qxh4 58. Rxh4 Re8 59. Bg6 Ree7 60. Be4
Rc7 61. Kc2 Rg5 62. Kd3 Rcg7 63. Bg6 Rc7 64. Bf5 Rg8 65. Rh1 Rgg7 66. Rb1 Rc5
67. b4 axb4 68. Rxb4 Ra7 69. Ra2 Rac7 70. Rc2 Ra7 71. Rxb6 Rxa4 72. Rxd6+ Kg5
73. h6 Ra3+ 1-0